Normal view
MARC view
Entry Nombre geográfico
001 - NÚMERO DE CONTROL
- campo de control: 23
003 - IDENTIFICADOR DE NÚMERO DE CONTROL
- campo de control: BJBSDDR
005 - FECHA Y HORA DE LA ÚLTIMA TRANSACCIÓN
- campo de control: 20230805182850.0
008 - ELEMENTOS DE DATO DE LONGITUD-FIJA
- campo de control de longitud fija: 181113|| aca||aabn | a|a d
040 ## - FUENTE DE CATALOGACIÓN
- Centro catalogador/agencia de origen: BJBSDDR
151 ## - ENCABEZAMIENTO--NOMBRE GEOGRÁFICO
- Subdivisión geográfica: República Dominicana
181 ## - ENCABEZAMIENTO--SUBDIVISIÓN GEOGRÁFICA
- Subdivisión geográfica: República Dominicana


